000 01350nam a2200385 a 4500
001 000110597
003 CHAP
005 20220329144140.0
008 140917s1966 sp abj |r| ||||||eng d
010 _a107059
011 _a108031
040 _cCHAP
082 0 4 _a543.01
_bS39
100 0 0 _aSchutte, Karl H.
_9103260
245 1 3 _aLa biología de los microelementos y su función en la alimentación : /
_cpor Karl H. Schutte.
260 _aMadrid :
_bTecnos,
_c1966.
300 _a277 p. :
_bil., tabs., maps.
490 1 _aColección Agros
_pManuales de agricultura y zootecnia
534 _pTít. original :
_tThe biology of the trace elements
_cLondres : Tecnos
590 _aE11695DGD
_b10
_c20140918
_lUCH01
_h1121
590 _aE5995AHE
_b05
_c20140917
_lUCH01
_h1113
590 _aE5995AHE
_b05
_c20140917
_lUCH01
_h1125
590 _aE5995AHE
_b05
_c20140917
_lUCH01
_h1128
590 _aE5995AHE
_b05
_c20140917
_lUCH01
_h1136
590 _aE5995AHE
_b05
_c20140917
_lUCH01
_h1137
590 _aE5995AHE
_b05
_c20140918
_lUCH01
_h1122
650 1 4 _aAlimentos
_xAnálisis.
_94164
650 1 4 _aOligoelementos.
_9128418
650 1 4 _aPruebas y reactivos químicos.
_992537
650 1 4 _aQuímica analítica.
_993582
830 0 _aColección Agros
_pManuales de agricultura y zootecnia
_9128419
901 _aBK
942 _cLIBRO
942 _n0
999 _c107059
_d107059